Hodnotenie ekonomickej základne územia z pohľadu jej odvetvovej a sektorovej štruktúry s využitím vybraných kvantitatívnych analytických metód

Identifikácia a popis vybraných metód a nástrojov analýzy ekonomickej základne územia umožňujúce hodnotiť jej odvetvovú a sektorovú štruktúru a verifikovanie ich použiteľnosti v podmienkach Slovenska.

Saved in:
Bibliographic Details
Main Author: Gabrhelová, Lenka
Format: Book Chapter
Language:Slovak
Subjects:
Tags: Add Tag
No Tags, Be the first to tag this record!

MARC

LEADER 00000naa$a2200000$$$4500
001 0091918
005 20231012075158.9
041 0 |a slo 
044 |a SK 
245 1 0 |a Hodnotenie ekonomickej základne územia z pohľadu jej odvetvovej a sektorovej štruktúry s využitím vybraných kvantitatívnych analytických metód  |c Lenka Gabrhelová 
520 |a Identifikácia a popis vybraných metód a nástrojov analýzy ekonomickej základne územia umožňujúce hodnotiť jej odvetvovú a sektorovú štruktúru a verifikovanie ich použiteľnosti v podmienkach Slovenska. 
610 2 0 |a základňa ekonomická 
610 2 0 |a analýzy 
610 2 0 |a metódy 
610 2 0 |a metódy kvantitatívne 
610 2 0 |a štruktúra ekonomiky odvetvová 
610 2 0 |a aktivita hospodárska 
610 2 0 |a odvetvia činnosti ekonomickej 
610 2 0 |a zamestnanosť 
610 2 0 |a miesta pracovné 
610 2 0 |a Slovensko 
100 1 |a Gabrhelová, Lenka